| Поле | Название | Значение |
| |
Тип записи |
a |
| |
Библиографический уровень |
m |
| 001 |
Контрольный номер |
cab991a1dc6a4036b1af19c8247ec5ca |
| 005 |
Дата корректировки |
20240427120528.6 |
| 020 |
Индекс ISBN |
__ |
| a |
ISBN |
978-5-9973-5885-3 |
| 040 |
Источник каталогиз. |
__ |
| a |
Служба первич. каталог. |
ДМН |
| b |
Код языка каталог. |
rus |
| 041 |
Код языка издания |
0_ |
| a |
Код языка текста |
rus |
| 084 |
Индекс другой классификации/Индекс ББК |
__ |
| a |
Индекс другой классификации/Индекс ББК |
39.52я73 |
| 090 |
Шифры |
__ |
| c |
Каталожный индекс |
39.52я73 |
| 100 |
Автор |
1_ |
| a |
Автор |
Булат П. В. |
| 245 |
Заглавие |
10 |
| a |
Заглавие |
Основы аэродинамики беспилотных воздушных судов |
| h |
Физич. носитель |
Электронный ресурс |
| b |
Продолж. заглавия |
учебное пособие |
| c |
Ответственность |
Министерство науки и высшего образования Российской Федерации, Федеральное государственное автономное образовательное учреждение высшего образования "Севастопольский государственный университет" |
| 260 |
Выходные данные |
__ |
| a |
Место издания |
Москва |
| b |
Издательство |
Спутник+ |
| c |
Дата издания |
2021 |
| 300 |
Физическое описание |
__ |
| a |
Объем |
272 с. |
| b |
Иллюстрации/ тип воспроизводства |
ил., табл. |
| 336 |
Вид содержания |
__ |
| a |
Термин вида содержания |
Текст |
| 337 |
Средство доступа |
__ |
| a |
Термин типа средства |
электронный |
| 504 |
Библиография |
__ |
| a |
Библиография |
Библиогр.: в конце лекций |
| 650 |
Тематические рубрики |
14 |
| a |
Основная рубрика |
ТЕХНИКА |
| x |
Основная подрубрика |
ТРАНСПОРТ |
| 653 |
Ключевые слова |
1_ |
| a |
Ключевые слова |
ВОЗДУШНЫЙ ТРАНСПОРТ; АВИАЦИЯ; БЕСПИЛОТНЫЕ ВОЗДУШНЫЕ СУДА; БВС; БЕСПИЛОТНЫЕ ЛЕТАТЕЛЬНЫЕ АППАРАТЫ; БЛА; АЭРОДИНАМИКА; МУЛЬТИКОПТЕРЫ; ПРОЕКТИРОВАНИЕ ЛЕТАТЕЛЬНЫХ АППАРАТОВ; АЭРОДИНАМИЧЕСКОЕ ПРОЕКТИРОВАНИЕ |
| 700 |
Другие авторы |
12 |
| a |
Другие авторы |
Дудников С. Ю. |
| 700 |
Другие авторы |
12 |
| a |
Другие авторы |
Кузнецов П. Н. |
| 856 |
Электронный адрес документа |
40 |
| y |
Справочный текст |
Основы аэродинамики беспилотных воздушных судов |
| u |
URL |
URL:http://mp.na-mvd.ru:8090/MegaPro2/Download/MObject/5444 |
| 900 |
Электронные ресурсы |
__ |
| a |
Имя электронного ресурса |
Основы аэродинамики БВС_ Булат ПВ, Дудников СЮ, Кузнецов ПН |
| 905 |
Дата создания записи |
__ |
| a |
Дата создания записи |
20240427 |
| 952 |
Тип литературы |
__ |
| c |
Вид литературы |
учебная |
| c |
Вид литературы |
учебное пособие |